Опыт студенческого самоуправления молодёжно-патриотического центра ТПУ "Отечество" ИГНД ТПУ в работе по нравственному воспитанию молодёжи в новых социально-экономических условиях России; Проблемы геологии и освоения недр; Т. 2

Dettagli Bibliografici
Parent link:Проблемы геологии и освоения недр: труды XIV Международного симпозиума имени академика М. А. Усова студентов и молодых ученых, посвященного 65-летию Победы советского народа над фашистской Германией в Великой Отечественной войне 1941-1945 гг., 5-9 апреля 2010 г. г. Томск/ Томский политехнический университет (ТПУ), Институт геологии и нефтегазового дела (ИГНД) ; под ред. В. А. Домаренко.— , 2010.— 978-5-98298-729-7
Т. 2.— 2010.— С. 727-734
Autore principale: Любятинская М. П. Мария Петровна
Altri autori: Иванова Г. М. Галина Михайловна (научный руководитель)
Lingua:russo
Pubblicazione: 2010
Soggetti:
Natura: MixedMaterials Capitolo di libro
KOHA link:https://koha.lib.tpu.ru/cgi-bin/koha/opac-detail.pl?biblionumber=193034

MARC

LEADER 00000naa2a2200000 4500
001 193034
005 20260123141514.0
035 |a (RuTPU)RU\TPU\book\210465 
090 |a 193034 
100 |a 20110314d2010 k y0rusy50 ca 
101 0 |a rus 
102 |a RU 
200 1 |a Опыт студенческого самоуправления молодёжно-патриотического центра ТПУ "Отечество" ИГНД ТПУ в работе по нравственному воспитанию молодёжи в новых социально-экономических условиях России  |f М. П. Любятинская  |g науч. рук. Г. М. Иванова 
461 1 |0 (RuTPU)RU\TPU\book\205901  |y 978-5-98298-729-7  |t Проблемы геологии и освоения недр  |o труды XIV Международного симпозиума имени академика М. А. Усова студентов и молодых ученых, посвященного 65-летию Победы советского народа над фашистской Германией в Великой Отечественной войне 1941-1945 гг., 5-9 апреля 2010 г. г. Томск  |o в 2 т.  |f Томский политехнический университет (ТПУ), Институт геологии и нефтегазового дела (ИГНД) ; под ред. В. А. Домаренко  |d 2010 
463 1 |0 (RuTPU)RU\TPU\book\205109  |y 978-5-98298-731-0  |t Т. 2  |v С. 727-734  |d 2010 
610 1 |a студенты 
610 1 |a самоуправление 
610 1 |a патриотическое воспитание 
610 1 |a центры 
610 1 |a нравственность 
610 1 |a социально-экономическое положение 
610 1 |a труды учёных ТПУ 
700 1 |a Любятинская  |b М. П.  |c российский учёный в области экономики природных ресурсов  |c ассистент Томского политехнического университета  |g Мария Петровна  |3 (RuTPU)RU\TPU\pers\26226 
702 1 |a Иванова  |b Г. М.  |c российский геолог  |c доцент Томского политехнического университета  |g Галина Михайловна  |4 727 
801 1 |a RU  |b 63413507  |c 20110314 
801 2 |a RU  |b 63413507  |c 20140123  |g RCR 
942 |c BK